Statystyki dla Quiz o Regisie

Kliknij tutaj aby rozwiązać quiz!

Ogólne statystyki

  • Ten quiz został rozwiązany 15 razy
  • Średni wynik to 7 z 13

Statystyki odpowiedzi

ZagadnienieOdpowiedź% Poprawnych
Regis był zielarzem.Prawda
91%
Jakiej był rasy?Wampirem wyższym
91%
Posiada on siedzibe na cmentarzuMère-Lachaise
82%
Kto pomógł Regisowi się zregenerować?Dettlaff
73%
Kto zamienił Regisa w plame krwi?Vilgefortz
73%
Moc Regisa była największa podczas pełni księżyca.Prawda
64%
Regis nie należał do kompani Geralta.Fałsz
55%
Jaki prezent Regis zostawił Geraltowi w jego domu?Mutagenator
55%
Do jakiego plemienia nalezał?Gharasham
45%
Kiedy urodził się Regis?839
27%
Jak nazywał się koń Regisa?Draakul
27%
Skąd pochodził?Brugge
9%
Komu uratował życie?Milvie
9%

Rozkład punktacji

Percentyl według liczby udzielonych odpowiedzi

Procent ludzi z każdym wynikiem

Twoja historia wyników

Nie rozwiązałeś tego quizu